LDR 00681naa#a2200205#i#450# 001 EN\\bibl\121481 005 20260428210828.2 011 ## _a1994-4683 100 ## _a20230531b2023####ek#y0engy0150####ca 102 ## _aRU 200 1# _aMAIN INJURIES OF BASKETBALL PLAYERS AT THE STAGE OF INITIAL TRAINING _eJournal article 210 1# _aMoscow _cNational State University of Physical Education, Sports and Health named after P.F. Lesgaft _d2023 215 ## _a4 с. 608 ## _aJournal article _2local 675 ## _aБаскетбол. Схожие игры с мячом и корзиной. 796.323 _z 700 #1 _a _g 700 #1 _a _g 700 #1 _a _g 700 #1 _a _g 856 4# _auchzapiski.lesgaft.spb.ru _u